000 00833cam a2200217 4500
001 WB3744-05
008 011121n2001 000 0 eng u
035 _a(Sirsi) u115655
245 _aDTI may merge quality mark and Constructionline
260 _c2001
490 _aBuilding
_v266(8210) 16 November 2001, 13(1)
520 _aGovernment is considering merging its two construction industry vetting schemes, Constructionline and the quality mark. This proposal is the outcome of a DTI review of the quality mark and has received support from the National Federation of Builders.
590 _aWB
650 _aDTI
650 _aNATIONAL FEDERATION OF BUILDERS
650 _aQUALITY MARK
650 _aCONSTRUCTIONLINE
650 _aCONSTRUCTION INDUSTRY
690 _aBUILDING AND CONSTRUCTION-MANAGEMENT
942 _n0
999 _c68879
_d68879